000
00295nam a22001337a 4500
008
170922b xxu||||| |||| 00| 0 eng d
020
_a
9780669393248
041
_a
eng
080
_a
37
100
_a
46
101
_a
EDU
245
_a
STIRRING UP THINKING
_c
JOHANSON.B.E
942
_2
udc
_c
BK
999
_c
29147
_d
29147